Фердинанд Великолепни (Запис номер 144055)
[ съкратено ]
| 000 -Лидер | |
|---|---|
| Контролно поле с фиксирана дължина | nam a22 a 4500 |
| 003 - Код на организацията, давaща контролен номер | |
| Контролно поле | BLK |
| 005 - Дата и час на последна редакция | |
| Контролно поле | 20230125163857.0 |
| 008 - Елементи от данни с фиксирана дължина | |
| fixed length control field | 180410b bul|||||r ||||||| ||bul|| |
| 010 ## - Наследен системен номер | |
| LC control number | KNG00150204000 |
| 040 ## - Източник на каталожния запис | |
| Идентификатор на билиотеката - собственик на записа | BLK |
| 041 ## - Код за език | |
| Код за езика на текст/звукозапис или на отделно заглавие | Български |
| Код за езика КДБФ | Български |
| 080 ## - УДК | |
| Текстов определител УДК | Полска литература |
| УДК код - определител по УДК | 821.162.1 |
| УДК определител | -93-32 |
| УДК - код + определител | 821.162.1-93-32 |
| 100 1# - Редна дума - Автор | |
| Автор | Керн, Людвик Йежи |
| Авторска отговорност | първи автор |
| R(LIN) | 328199 |
| 139 ## - Редно поле | |
| Редна дума | Керн, Людвик Йежи |
| Авторски знак | Кер - К 52 |
| 245 10 - Сведения за заглавието | |
| Заглавие | Фердинанд Великолепни |
| Подзаглавни данни | Повест за деца |
| Редно поле (дума) | Людвик Йежи Керн; прев. от пол. Лилия Желязкова Рачева; стиховете прев. Първан Стефанов; худож. Иван Кожухаров. |
| 257 ## - Страна на издаване | |
| Страна на създаване/издаване | Полша |
| 260 ## - Област на издателските данни | |
| Място на издаване, разпространение и проч. | София |
| Име на издателя, разпространителя и проч. | Нар. младеж |
| Година на издаване | 1972 |
| Печатница | София : ДПК Д. Благоев |
| 300 ## - Физическа характеристика | |
| Страници | 168 с. |
| Илюстрации и др. | с ил. |
| Размери/Мащаб | 21 см |
| 380 ## - Жанр | |
| Жанр | Детска худож. лит. |
| 500 ## - Общи забележки | |
| Забележка | Ориг. загл. Ferdinand Wspanialy. - 25 125 тир. |
| 653 ## - Ключова дума – ненормативна | |
| Ключова дума | детска литература |
| 653 ## - Ключова дума – ненормативна | |
| Ключова дума | литература за деца |
| 700 1# - Други автори (авторска отговорност) | |
| Лично име | Рачева, Лилия Желязкова |
| Автороска отговорност (Описва отношението между автора и произведението) | прев. от пол. |
| 9 (RLIN) | 379543 |
| 700 1# - Други автори (авторска отговорност) | |
| Лично име | Стефанов, Първан |
| Автороска отговорност (Описва отношението между автора и произведението) | стиховете прев. |
| Друга информация | Рангелов, Първан Стефанов |
| 9 (RLIN) | 363605 |
| 700 1# - Други автори (авторска отговорност) | |
| Лично име | Кожухаров, Иван |
| Автороска отговорност (Описва отношението между автора и произведението) | худож. |
| 9 (RLIN) | 367484 |
| 852 ## - Местоположение | |
| Форматна сигнатура | Цб 262561 |
| 856 4# - Електронен адрес и достъп | |
| Електронен формат | pdf - файл |
| Инструкция (цена за достъп) | 0.78 |
| Права за достъп | disable |
| 856 4# - Електронен адрес и достъп | |
| Електронен формат | pdf - файл |
| Инструкция (цена за достъп) | 0.78 |
| Права за достъп | disable |
| 999 ## - СИСТЕМНИ КОНТРОЛНИ НОМЕРА | |
| Koha biblionumber | 144055 |
| Koha biblioitemnumber | 144055 |
| 942 ## - АРТИКУЛИ | |
| Вид на библиотечния материал | Книги |
| Скрит в OPAC | Не |
| Периодичен библиозапис | Да |
| 944 ## - СЪЗДАВАНЕ И РЕДАКЦИЯ на ЗАПИСА | |
| Създаване/Редакция | Създаване |
| Дата на регистрацията/редакция | 09.09.2013 |
| Статус, дата на статуса | 09.09.2013 - от С1,Р / 09.09.2013 |
| Служител, извършил регистрацията/редакцията | Гергана_Михайлова |
| 944 ## - СЪЗДАВАНЕ И РЕДАКЦИЯ на ЗАПИСА | |
| Създаване/Редакция | Редакция |
| Дата на регистрацията/редакция | 08.09.2017 |
| Статус, дата на статуса | 09.09.2013 - от С1,Р / 09.09.2013 |
| Служител, извършил регистрацията/редакцията | Ренета_Константинова |
| 999 ## - СИСТЕМНИ КОНТРОЛНИ НОМЕРА | |
| Koha biblioitemnumber | 144055 |
| 999 ## - СИСТЕМНИ КОНТРОЛНИ НОМЕРА | |
| Koha biblioitemnumber | 144055 |
| Код за отписване | Код за изгубен артикул | Източник на класификационната схема | Код за повреда | Коз за рестрикции | Код за отдаване | Артикулен № | Име на библиотеката - собственик | Име на библиотеката, в която се намира в момента | Статус (Текущо местоположение) | Дата на вписване в системата | Местоположение - отдел | Цена в лева | Инвентарен номер | Систематично азбучна сигнатура | Баркод | Номер на екземпляра | Цена в евро | Служебна бележка | Служебен тип на артикула | Бележка за публиката |
|---|---|---|---|---|---|---|---|---|---|---|---|---|---|---|---|---|---|---|---|---|
| Не е изгубен | Universal Decimal Classification | Не е повреден | без рестрикции | ползва се в читалня | 239331 | Регионална библиотека "Любен Каравелов" Русе | Регионална библиотека "Любен Каравелов" Русе | Хранилище | 1972-01-01 | Хранилище | 0.78 | 130559 | Цб 262561 | 120000130559 | 1 | 0.40 | N: стар фонд Дата: 01.01.1972 | Книги | ||
| Изтеглен | Не е изгубен | Universal Decimal Classification | Не е повреден | без рестрикции | заемане за дома | 239332 | Регионална библиотека "Любен Каравелов" Русе | Регионална библиотека "Любен Каравелов" Русе | Детски отдел | 1972-01-01 | Детски отдел | 0.78 | 130905 | ДХ 820/899/К 52 | 130905 | 2 | 0.40 | N: стар фонд Дата: 01.01.1972 Дата инв: 11.09.2015 Бележки инв: Д2015 | Книги | |
| Изтеглен | Не е изгубен | Не е повреден | без рестрикции | заемане за дома | 239333 | Регионална библиотека "Любен Каравелов" Русе | Регионална библиотека "Любен Каравелов" Русе | 1972-01-01 | Детски отдел | 0.78 | 130906 | ДХ 820/899/К 52 | 130906 | 3 | 0.40 | N: стар фонд Дата: 01.01.1972 Дата инв: 11.09.2015 Бележки инв: Д2015 | Книги | Отч.N: 43/17 , Дата: 08.09.2017 | ||
| Изтеглен | Не е изгубен | Не е повреден | без рестрикции | заемане за дома | 239334 | Регионална библиотека "Любен Каравелов" Русе | Регионална библиотека "Любен Каравелов" Русе | 1972-01-01 | Детски отдел | 0.78 | 130910 | ДХ 820/899/К 52 | 130910 | 4 | 0.40 | N: стар фонд Дата: 01.01.1972 Дата инв: 11.09.2015 Бележки инв: Д2015 | Книги | Отч.N: 65/2017 , Дата: 04.12.2017 | ||
| Изтеглен | Не е изгубен | Не е повреден | без рестрикции | заемане за дома | 239335 | Регионална библиотека "Любен Каравелов" Русе | Регионална библиотека "Любен Каравелов" Русе | 1972-01-01 | Детски отдел | 4.00 | 633485 | ДХ 820/899/К 52 | 633485 | 5 | 2.05 | N: стар фонд Дата: 01.01.1972 Дата инв: 11.09.2015 Бележки инв: Д2015 | Книги | Отч.N: 65/2017 , Дата: 04.12.2017 |